The economics and politics of regulation : a behavioral approach

Bibliographic Details
Main Author: Needham, Douglas (Author)
Format: Book
Language:English
Published: Boston : Little, Brown and Company 1983
Subjects:

MARC

LEADER 00000cam a2200000 7i4500
001 0000000111
005 20240919.0
008 991122 mau eng
020 |a 0316599751 
040 |a INS   |b eng   |e rda 
090 0 0 |a HD3616.U46   |b .N37 1983 
100 1 |a Needham, Douglas ,   |e author 
245 1 4 |a The economics and politics of regulation :   |b a behavioral approach   |c Douglas Needham 
264 1 |a Boston :   |b Little, Brown and Company   |c 1983 
264 4 |c ©1983 
300 |a xiv, 482 pages :   |b illustrations ;   |c 24 cm. 
336 |a text  |2 rdacontent 
337 |a unmediated  |2 rdamedia 
338 |a volume  |2 rdacarrier 
504 |a Includes bibliographical references and index 
650 0 |a Industry and State   |z United States 
650 0 |a Trade regulation   |z United States 
999 |a 0000002115   |b BOOK   |c Open Shelf   |e Default branch